[Event "Rottach Egern Seniors Cup 12th"]
[Site "Rottach Egern"]
[Date "2024.04.08"]
[Round "3"]
[White "Marentini, Marcel"]
[Black "Schrems, Hermann"]
[Result "1-0"]
[WhiteElo "2102"]
[BlackElo "2032"]
[PlyCount "59"]
[EventDate "2024.04.06"]
[EventType "swiss"]
[EventRounds "9"]
[EventCountry "GER"]
[SourceTitle "CB16_2024"]
[SourceDate "2024.04.17"]
[SourceVersion "1"]
[SourceVersionDate "2024.04.17"]
[SourceQuality "1"]

1. Nf3 c5 2. c4 Nc6 3. Nc3 g6 4. e3 Nf6 5. d4 cxd4 6. Nxd4 Bg7 7. Nc2 d6 8. Be2 Be6 9. e4 Rc8 10. Bd2 a6 11. Rc1 0-0 12. 0-0 Nd7 13. b3 Nc5 14. f3 Bd7 15. Nd5 e6 16. Nc3 Nd4 17. Nxd4 Bxd4+ 18. Kh1 e5 19. Nd5 f5 20. exf5 Bxf5 21. Bc3 Bxc3 22. Nxc3 Rc7 23. b4 Ne6 24. g4 Nd4 25. gxf5 Rxf5 26. Nd5 Rcf7 27. f4 Qh4 28. Bg4 h5 29. Bxf5 Rxf5 30. Qe1 1-0

[Event "Rottach Egern Seniors Cup 12th"]
[Site "Rottach Egern"]
[Date "2024.04.07"]
[Round "2"]
[White "Wagner, Bernd1"]
[Black "Marentini, Marcel"]
[Result "0-1"]
[WhiteElo "1949"]
[BlackElo "2102"]
[PlyCount "64"]
[EventDate "2024.04.06"]
[EventType "swiss"]
[EventRounds "9"]
[EventCountry "GER"]
[SourceTitle "CB16_2024"]
[SourceDate "2024.04.17"]
[SourceVersion "1"]
[SourceVersionDate "2024.04.17"]
[SourceQuality "1"]

1. d4 Nf6 2. Bg5 d5 3. e3 e6 4. Bd3 c5 5. c3 Nc6 6. Nd2 e5 7. dxe5 Nxe5 8. Bb5+ Bd7 9. Bxd7+ Nexd7 10. Ngf3 Be7 11. Qc2 0-0 12. 0-0 Ne4 13. Bf4 Ndf6 14. Rfd1 Qb6 15. Qb3 Qa6 16. a4 c4 17. Qb5 Nc5 18. Nd4 Nd3 19. Nf5 Rfe8 20. Nxe7+ Rxe7 21. Qxa6 bxa6 22. Bg5 Rb7 23. Bxf6 gxf6 24. b3 cxb3 25. Rab1 b2 26. Nb3 Rxb3 27. Rxd3 Rc8 28. g3 Rc4 29. Kg2 Rxa4 30. Rxd5 Ra1 31. Rdd1 Rxb1 32. Rxb1 a5 0-1

[Event "Bayern-chI Bank Hofmann 25th"]
[Site "Tegernsee"]
[Date "2022.11.11"]
[Round "7"]
[White "Marentini, Marcel"]
[Black "Weber, Samuel"]
[Result "1/2-1/2"]
[WhiteElo "2100"]
[BlackElo "2198"]
[PlyCount "95"]
[EventDate "2022.11.05"]
[EventType "swiss"]
[EventRounds "9"]
[EventCountry "GER"]
[SourceTitle "CBM 211 Extra"]
[Source "ChessBase"]
[SourceDate "2023.01.31"]
[SourceVersion "1"]
[SourceVersionDate "2023.01.31"]
[SourceQuality "1"]

1. Nf3 Nf6 2. c4 e6 3. g3 a6 4. Bg2 b5 5. b3 Bb7 6. 0-0 Be7 7. Na3 b4 8. Nc2 c5 9. Bb2 0-0 10. d4 Qb6 11. a3 d6 12. axb4 cxb4 13. Nfe1 d5 14. Ne3 dxc4 15. Nxc4 Qc7 16. Nd3 Bxg2 17. Kxg2 a5 18. e3 a4 19. Qf3 Nbd7 20. Rac1 axb3 21. Nd2 Qa5 22. Nxb3 Qd5 23. Qxd5 exd5 24. Rc7 Rfc8 25. Rfc1 Rxc7 26. Rxc7 Kf8 27. Rb7 Ra2 28. Nbc1 Ra4 29. Nb3 Ke8 30. Nbc5 Ra2 31. Rxb4 Ne4 32. Ra4 Ndxc5 33. Rxa2 Nxd3 34. Ba1 Ndxf2 35. Rxf2 Nxf2 36. Kxf2 Kd7 37. Kf3 f5 38. Bc3 Bd6 39. h3 g6 40. g4 Ke6 41. Be1 h5 42. Bh4 fxg4+ 43. hxg4 Be7 44. gxh5 Bxh4 45. hxg6 Kf6 46. e4 dxe4+ 47. Kxe4 Kxg6 48. Ke5 1/2-1/2

[Event "Bayern-chI Bank Hofmann 25th"]
[Site "Tegernsee"]
[Date "2022.11.06"]
[Round "2"]
[White "Costa, Leonardo"]
[Black "Marentini, Marcel"]
[Result "1-0"]
[WhiteElo "2341"]
[BlackElo "2100"]
[PlyCount "87"]
[EventDate "2022.11.05"]
[EventType "swiss"]
[EventRounds "9"]
[EventCountry "GER"]
[SourceTitle "CBM 211 Extra"]
[Source "ChessBase"]
[SourceDate "2023.01.31"]
[SourceVersion "1"]
[SourceVersionDate "2023.01.31"]
[SourceQuality "1"]

1. e4 e5 2. Nf3 Nf6 3. Nxe5 d6 4. Nc4 Nxe4 5. Qe2 Qe7 6. Ne3 c6 7. b3 Na6 8. Bb2 Nc7 9. g3 h5 10. d3 Nf6 11. Nd2 Be6 12. 0-0-0 0-0-0 13. Nf3 Ng4 14. h3 Nxe3 15. Qxe3 Kb8 16. Bg2 Qd7 17. Kb1 f6 18. Nh4 Re8 19. Qd2 Bf7 20. Be4 Be7 21. Ng6 Rhg8 22. Nxe7 Rxe7 23. c4 Be6 24. h4 Bf5 25. Qf4 Be6 26. Ba3 Rd8 27. Rhe1 Ree8 28. Bg6 Rh8 29. Kc1 Rh6 30. Be4 Rhh8 31. Bg6 Rh6 32. Be4 Rhh8 33. Bg2 Bf7 34. Rd2 Ne6 35. Qf5 Nc7 36. Qxd7 Rxd7 37. Bh3 Rdd8 38. Re7 Rhf8 39. Rde2 c5 40. b4 b6 41. bxc5 dxc5 42. Bxc5 Rxd3 43. Rxc7 bxc5 44. Ree7 1-0

[Event "Bayern-chI Bank Hofmann 24th"]
[Site "Tegernsee"]
[Date "2021.11.04"]
[Round "6"]
[White "Hess, Max"]
[Black "Marentini, Marcel"]
[Result "1-0"]
[WhiteElo "2412"]
[BlackElo "2084"]
[PlyCount "89"]
[EventDate "2021.10.30"]
[EventType "swiss"]
[EventRounds "9"]
[EventCountry "GER"]
[SourceTitle "CBM 205 Extra"]
[Source "ChessBase"]
[SourceDate "2022.01.31"]
[SourceVersion "1"]
[SourceVersionDate "2022.01.31"]
[SourceQuality "1"]

1. e4 e5 2. Nf3 Nf6 3. Nxe5 d6 4. Nf3 Nxe4 5. Nc3 Nxc3 6. dxc3 Be7 7. Be3 Nc6 8. Qd2 Be6 9. 0-0-0 Qd7 10. h4 Bf6 11. Ng5 a6 12. Nxe6 fxe6 13. g4 0-0-0 14. g5 Be7 15. Bh3 Rde8 16. Rde1 Bd8 17. Bf4 Qf7 18. Bg3 Kb8 19. Kb1 e5 20. Bg2 h6 21. Be4 hxg5 22. hxg5 Ne7 23. Rd1 Ref8 24. b3 Nf5 25. Bh2 Rh4 26. f4 exf4 27. Bxf4 Rfh8 28. Qg2 Rxh1 29. Rxh1 Nh4 30. Qg4 Ng6 31. Rxh8 Nxh8 32. g6 Qe8 33. Qf5 Bf6 34. Qd5 Qc8 35. Kb2 Ka8 36. a4 Kb8 37. a5 Ka8 38. b4 Be7 39. b5 axb5 40. a6 c6 41. axb7+ Kxb7 42. Qxb5+ Kc7 43. Qxc6+ Kd8 44. Qd5 Kc7 45. Qa5+ 1-0

[Event "Bad Woerishofen op-A 35th"]
[Site "Bad Woerishofen"]
[Date "2019.03.15"]
[Round "1.65"]
[White "Marentini, Marcel"]
[Black "Antoniacci, Ricardo"]
[Result "1-0"]
[WhiteElo "2058"]
[BlackElo "1776"]
[PlyCount "65"]
[EventDate "2019.03.15"]
[EventType "swiss"]
[EventRounds "9"]
[EventCountry "GER"]
[SourceTitle "EXT 2020"]
[Source "ChessBase"]
[SourceDate "2019.10.17"]
[SourceVersion "1"]
[SourceVersionDate "2019.10.17"]
[SourceQuality "1"]

1. Nf3 c5 2. c4 Nc6 3. Nc3 g6 4. e3 Bg7 5. d4 cxd4 6. exd4 d6 7. d5 Ne5 8. Nd4 Nf6 9. Be2 0-0 10. 0-0 a6 11. h3 Qc7 12. Qb3 Nfd7 13. Be3 b6 14. f4 Nc5 15. Qa3 Ned7 16. b4 Nb7 17. Ncb5 axb5 18. Qxa8 bxc4 19. Rac1 Bxd4 20. Bxd4 b5 21. Qa7 e5 22. dxe6 fxe6 23. a4 e5 24. fxe5 Rxf1+ 25. Rxf1 dxe5 26. Be3 Qd6 27. Bg4 h5 28. Rd1 Qc7 29. Be6+ Kg7 30. a5 Qc6 31. Bxd7 Bxd7 32. a6 Nd6 33. Bc5 1-0

[Event "London Classic op 10th"]
[Site "London"]
[Date "2018.12.14"]
[Round "6"]
[White "Rocco, Federico"]
[Black "Marentini, Marcel"]
[Result "0-1"]
[WhiteElo "2244"]
[BlackElo "2030"]
[PlyCount "126"]
[EventDate "2018.12.09"]
[EventType "swiss"]
[EventRounds "9"]
[EventCountry "ENG"]
[SourceTitle "CBM 187 Extra"]
[Source "ChessBase"]
[SourceDate "2018.11.04"]
[SourceVersion "1"]
[SourceVersionDate "2018.11.04"]
[SourceQuality "1"]

1. Nf3 f5 2. d3 d6 3. e4 e5 4. Nc3 Nc6 5. g3 g6 6. exf5 Bxf5 7. Bg2 Bg7 8. 0-0 Nge7 9. Rb1 Qd7 10. Re1 0-0 11. Qd2 Bg4 12. Ng5 Nd4 13. h3 Bf3 14. Nxf3 Nxf3+ 15. Bxf3 Rxf3 16. Kg2 Raf8 17. Nd1 Nd5 18. Qe2 Qf7 19. Rf1 h5 20. h4 Qf5 21. Qe4 Nf4+ 22. Bxf4 Rxf4 23. Qxf5 R4xf5 24. Ne3 R5f7 25. f3 Bh6 26. Nd5 Kg7 27. c4 c6 28. Nc3 Rd7 29. Ne4 Rc8 30. g4 Bf4 31. gxh5 gxh5 32. Kf2 d5 33. Rg1+ Kf7 34. Ng5+ Kf6 35. Rbd1 Rcd8 36. c5 b6 37. Nh3 Bh6 38. Ng5 Bf8 39. b4 bxc5 40. Rc1 Rb8 41. bxc5 Rb2+ 42. Kg3 Kf5 43. a4 a5 44. Rge1 Rdb7 45. d4 Bg7 46. Kh3 R7b3 47. Kg3 e4 48. Nxe4 dxe4 49. Rxe4 Rd3 50. Rf4+ Kg6 51. Re1 Rxd4 52. Re6+ Kh7 53. Rf7 Rd1 54. Ra7 Rg1+ 55. Kf4 Rb4+ 56. Re4 Rg6 57. Rxa5 Rf6+ 58. Kg3 Rb3 59. Rf4 Rg6+ 60. Kf2 Rb2+ 61. Kf1 Rgg2 62. Ra7 Rh2 63. Kg1 Rhd2 0-1

[Event "London Classic op 10th"]
[Site "London"]
[Date "2018.12.11"]
[Round "3"]
[White "Marentini, Marcel"]
[Black "Rohfleisch, Daniel"]
[Result "1-0"]
[WhiteElo "2030"]
[BlackElo "1820"]
[PlyCount "61"]
[EventDate "2018.12.09"]
[EventType "swiss"]
[EventRounds "9"]
[EventCountry "ENG"]
[SourceTitle "CBM 187 Extra"]
[Source "ChessBase"]
[SourceDate "2018.11.04"]
[SourceVersion "1"]
[SourceVersionDate "2018.11.04"]
[SourceQuality "1"]

1. Nf3 Nf6 2. c4 e6 3. g3 b6 4. Bg2 Bb7 5. 0-0 c5 6. d4 d5 7. cxd5 Bxd5 8. Nc3 Bc6 9. Bg5 cxd4 10. Nxd4 Bxg2 11. Kxg2 Be7 12. Qa4+ Qd7 13. Ndb5 0-0 14. Rfd1 Qb7+ 15. f3 a6 16. Nd6 Qc6 17. Qxc6 Nxc6 18. Rac1 Rfd8 19. Nc4 Nd5 20. Nxd5 Bxg5 21. f4 Rxd5 22. Rxd5 exd5 23. Nxb6 Re8 24. Rxc6 Bf6 25. Nxd5 Bxb2 26. Kf3 g5 27. Rxa6 g4+ 28. Kxg4 Rxe2 29. h4 Rg2 30. Ne7+ Kg7 31. Nf5+ 1-0

[Event "Ortisei Server24 op 4th"]
[Site "Ortisei"]
[Date "2018.06.23"]
[Round "8"]
[White "Marentini, Marcel"]
[Black "Arne, Mike"]
[Result "1/2-1/2"]
[WhiteElo "2005"]
[BlackElo "2181"]
[PlyCount "41"]
[EventDate "2018.06.16"]
[EventType "tourn"]
[EventRounds "9"]
[EventCountry "ITA"]
[SourceTitle "CBM 185 Extra"]
[Source "ChessBase"]
[SourceDate "2018.07.29"]
[SourceVersion "1"]
[SourceVersionDate "2018.07.29"]
[SourceQuality "1"]

1. Nf3 d5 2. g3 Bg4 3. Bg2 c6 4. c4 e6 5. Qc2 Nf6 6. b3 Bd6 7. Bb2 Nbd7 8. 0-0 0-0 9. d4 Bf5 10. Qd1 Bxb1 11. Qxb1 Ne4 12. Qc2 f5 13. Ne5 Qc7 14. Nxd7 Qxd7 15. f3 Nf6 16. e4 Be7 17. e5 Nh5 18. Qe2 g6 19. f4 Kf7 20. Bf3 Ng7 21. Qd2 1/2-1/2

[Event "Reykjavik op"]
[Site "Reykjavik"]
[Date "2018.03.13"]
[Round "8"]
[White "Marentini, Marcel"]
[Black "Kvendseth, Thyra"]
[Result "0-1"]
[WhiteElo "2024"]
[BlackElo "1757"]
[PlyCount "102"]
[EventDate "2018.03.06"]
[EventType "swiss"]
[EventRounds "9"]
[EventCountry "ISL"]
[SourceTitle "CBM 183 Extra"]
[Source "ChessBase"]
[SourceDate "2018.04.19"]
[SourceVersion "1"]
[SourceVersionDate "2018.04.19"]
[SourceQuality "1"]

1. Nf3 Nf6 2. c4 c5 3. Nc3 g6 4. d4 cxd4 5. Nxd4 Bg7 6. e4 d6 7. Be2 0-0 8. 0-0 Nbd7 9. Be3 Nc5 10. f3 Ne6 11. Nc2 b6 12. Qd2 Bb7 13. Rac1 Rc8 14. b3 Nc5 15. Nb4 Nfd7 16. Nbd5 Ne5 17. f4 Nc6 18. b4 Bxc3 19. Nxc3 Nxb4 20. f5 f6 21. fxg6 hxg6 22. Bg4 Rc6 23. Bxc5 dxc5 24. Qh6 f5 25. Rcd1 Qe8 26. Bf3 Rd6 27. exf5 Bxf3 28. Rxf3 Rxf5 29. Rg3 Rxd1+ 30. Nxd1 Rf6 31. Rh3 Kf7 32. Qh7+ Ke6 33. Re3+ Kd6 34. Nc3 Kd7 35. Ne4 Rf5 36. Qh3 e6 37. Qg3 Qf8 38. Nd2 Qf6 39. h3 Qd4 40. Nb3 Qxc4 41. Qxg6 Rf1+ 42. Kh2 Qf4+ 43. Rg3 Nd5 44. Qh7+ Ne7 45. Nd2 Rd1 46. Ne4 c4 47. Ng5 c3 48. Nf3 Qd6 49. Nh4 Qc5 50. Rg7 c2 51. Ng6 Qd6+ 0-1

[Event "London Classic op"]
[Site "London"]
[Date "2017.12.06"]
[Round "6"]
[White "Cole, James"]
[Black "Marentini, Marcel"]
[Result "1/2-1/2"]
[WhiteElo "1886"]
[BlackElo "2055"]
[PlyCount "99"]
[EventDate "2017.12.02"]
[EventType "swiss"]
[EventRounds "9"]
[EventCountry "ENG"]
[SourceTitle "CBM 182 Extra"]
[Source "ChessBase"]
[SourceDate "2018.02.23"]
[SourceVersion "1"]
[SourceVersionDate "2018.02.23"]
[SourceQuality "1"]

1. d4 e6 2. Nf3 Nf6 3. e3 c5 4. Bd3 cxd4 5. exd4 b6 6. 0-0 Bb7 7. Nbd2 Be7 8. b3 0-0 9. Bb2 Nc6 10. a3 d5 11. Qe2 Bd6 12. Ne5 Bxe5 13. dxe5 Nd7 14. b4 a5 15. b5 Ne7 16. Bd4 Nc5 17. a4 Rc8 18. c3 Nf5 19. Bc2 Qg5 20. f4 Qh6 21. Rf3 Nd7 22. Bd3 Nc5 23. Bc2 Qg6 24. Nf1 Nxd4 25. cxd4 Ne4 26. Bd3 f5 27. Nd2 Rc7 28. Rff1 Rfc8 29. Nf3 h6 30. Qe3 Qe8 31. Rfc1 Qe7 32. Qe1 Kh7 33. Rxc7 Qxc7 34. Ra2 Qc3 35. Qxc3 Rxc3 36. Ne1 g5 37. Rc2 Rxc2 38. Bxc2 Nc3 39. Kf2 Bc8 40. h3 Kg7 41. g3 Bd7 42. fxg5 hxg5 43. h4 Kh6 44. hxg5+ Kxg5 45. Ng2 Kg4 46. Nf4 Ne4+ 47. Bxe4 fxe4 48. Ng2 Kf5 49. Ne3+ Kg5 50. Kg1 1/2-1/2

[Event "London Classic op"]
[Site "London"]
[Date "2017.12.02"]
[Round "1"]
[White "Marentini, Marcel"]
[Black "Handke, Florian"]
[Result "0-1"]
[WhiteElo "2055"]
[BlackElo "2526"]
[PlyCount "70"]
[EventDate "2017.12.02"]
[EventType "swiss"]
[EventRounds "9"]
[EventCountry "ENG"]
[SourceTitle "CBM 182 Extra"]
[Source "ChessBase"]
[SourceDate "2018.02.23"]
[SourceVersion "1"]
[SourceVersionDate "2018.02.23"]
[SourceQuality "1"]

1. Nf3 Nf6 2. c4 g6 3. Nc3 d5 4. Qa4+ Bd7 5. Qb3 dxc4 6. Qxc4 a6 7. d4 b5 8. Qb3 Bg7 9. e4 0-0 10. e5 Be6 11. exf6 Bxb3 12. fxg7 Kxg7 13. axb3 Nc6 14. Be3 Nb4 15. Rc1 c5 16. Be2 cxd4 17. Bxd4+ Kg8 18. 0-0 Qd6 19. Be3 Rac8 20. Rfd1 Qe6 21. Nd4 Qe5 22. Nf3 Qe6 23. Nd4 Qf6 24. Bf3 Rfd8 25. Nd5 Nxd5 26. Rxc8 Rxc8 27. Bxd5 Rd8 28. Nc6 Qxc6 29. Bxf7+ Kxf7 30. Rxd8 Qc2 31. h4 Qxb2 32. Ra8 Qb1+ 33. Kh2 Qe4 34. Rxa6 Qxh4+ 35. Kg1 Qb4 0-1

[Event "Bayern-chI Bank Hofmann 21st"]
[Site "Tegernsee"]
[Date "2017.10.29"]
[Round "2"]
[White "Hess, Max"]
[Black "Marentini, Marcel"]
[Result "1-0"]
[WhiteElo "2271"]
[BlackElo "2038"]
[PlyCount "57"]
[EventDate "2017.10.28"]
[EventType "swiss"]
[EventRounds "9"]
[EventCountry "GER"]
[SourceTitle "CBM 181 Extra"]
[Source "ChessBase"]
[SourceDate "2017.12.12"]
[SourceVersion "1"]
[SourceVersionDate "2017.12.12"]
[SourceQuality "1"]

1. d4 Nf6 2. Nf3 e6 3. e3 c5 4. Bd3 cxd4 5. exd4 Be7 6. 0-0 b6 7. c4 0-0 8. Nc3 d5 9. cxd5 Nxd5 10. Ne5 Bb7 11. Qh5 f5 12. Qe2 Bf6 13. Re1 Nc7 14. Rd1 Qxd4 15. Be4 Qxd1+ 16. Qxd1 fxe4 17. Ng4 Bxc3 18. bxc3 Nba6 19. c4 Rad8 20. Qe2 Nc5 21. Ba3 N7a6 22. h4 Rd3 23. Bb2 Rdd8 24. h5 h6 25. Ne5 Nb4 26. Qg4 Rd2 27. Bc3 Rxa2 28. Rxa2 Nxa2 29. Bd4 1-0

[Event "Vienna op-A"]
[Site "Vienna"]
[Date "2016.08.16"]
[Round "1"]
[White "Marentini, Marcel"]
[Black "Guido, Flavio"]
[Result "1/2-1/2"]
[WhiteElo "2032"]
[BlackElo "2370"]
[PlyCount "52"]
[EventDate "2016.08.16"]
[EventType "swiss"]
[EventRounds "9"]
[EventCountry "AUT"]
[SourceTitle "CBM 173 Extra"]
[Source "ChessBase"]
[SourceDate "2016.08.29"]
[SourceVersion "1"]
[SourceVersionDate "2016.08.29"]
[SourceQuality "1"]

1. Nf3 Nf6 2. g3 g6 3. Bg2 Bg7 4. 0-0 d5 5. c4 d4 6. b4 c5 7. Bb2 0-0 8. d3 Re8 9. Nbd2 e5 10. bxc5 Na6 11. Nb3 Qc7 12. Ba3 Bf8 13. Rb1 Nd7 14. Nfd2 Ndxc5 15. Nxc5 Nxc5 16. Qc2 Rb8 17. Bxc5 Bxc5 18. Ne4 Be7 19. Qa4 Bd7 20. Qxa7 Bc6 21. Qb6 Qxb6 22. Rxb6 Ra8 23. Rb2 Ra4 24. c5 Rea8 25. Ra1 R4a5 26. Nd6 Bxd6 1/2-1/2

[Event "Basel op"]
[Site "Basel"]
[Date "2016.01.04"]
[Round "5"]
[White "Trifan, Andrei Ioan"]
[Black "Marentini, Marcel"]
[Result "1-0"]
[WhiteElo "1959"]
[BlackElo "2068"]
[PlyCount "83"]
[EventDate "2016.01.01"]
[EventType "swiss"]
[EventRounds "7"]
[EventCountry "SUI"]
[SourceTitle "CBM 170 Extra"]
[Source "ChessBase"]
[SourceDate "2016.02.25"]
[SourceVersion "1"]
[SourceVersionDate "2016.02.25"]
[SourceQuality "1"]

1. e4 c5 2. Nf3 e6 3. d4 cxd4 4. Nxd4 a6 5. c4 Qc7 6. a3 Nf6 7. Nc3 Nc6 8. Be3 Ne5 9. Rc1 d6 10. Be2 Be7 11. 0-0 h5 12. h3 Bd7 13. f4 Nc6 14. Qd2 Rc8 15. b4 Qb8 16. Nb3 b6 17. Rfd1 0-0 18. Bf3 Be8 19. Bf2 g6 20. Be3 Kg7 21. Be2 Rh8 22. Nd4 Nxd4 23. Qxd4 b5 24. cxb5 axb5 25. e5 dxe5 26. fxe5 Ng8 27. Qd3 Nh6 28. Nxb5 Rxc1 29. Rxc1 Nf5 30. Nd4 Qxe5 31. Nxf5+ Qxf5 32. Qxf5 gxf5 33. Bd4+ Bf6 34. Bxf6+ Kxf6 35. b5 Ke7 36. a4 Kd6 37. a5 e5 38. a6 e4 39. a7 Bd7 40. b6 Bc6 41. Ba6 Ra8 42. Ra1 1-0

[Event "Bayern-chI Bank Hofmann 18th"]
[Site "Bad Wiessee"]
[Date "2014.11.01"]
[Round "9"]
[White "Marentini, Marcel"]
[Black "Sedina, Elena"]
[Result "0-1"]
[WhiteElo "2072"]
[BlackElo "2294"]
[PlyCount "142"]
[EventDate "2014.10.25"]
[EventType "swiss"]
[EventRounds "9"]
[EventCountry "GER"]
[SourceTitle "EXT 2015"]
[Source "ChessBase"]
[SourceDate "2014.11.20"]
[SourceVersion "1"]
[SourceVersionDate "2014.11.20"]
[SourceQuality "1"]

1. c4 c6 2. d4 d5 3. cxd5 cxd5 4. Nc3 Nf6 5. Bf4 Qb6 6. e3 Qxb2 7. Rc1 Nc6 8. Bd3 a6 9. Nge2 Qa3 10. 0-0 Bd7 11. Be5 Nb4 12. Bb1 e6 13. Bxf6 gxf6 14. e4 Bc6 15. Qd2 Rd8 16. Qf4 Be7 17. Rfe1 dxe4 18. Nxe4 Nd5 19. Qh6 Kd7 20. Nf4 Nxf4 21. Qxf4 Rhg8 22. d5 Bxd5 23. Rc7+ Ke8 24. Nxf6+ Bxf6 25. Qxf6 Rf8 26. h4 Qd6 27. Rec1 Bc6 28. R7xc6 bxc6 29. Be4 Rc8 30. Qf3 Ke7 31. Rd1 Qc5 32. Qf4 Rfd8 33. Rb1 Rd7 34. g4 Qd4 35. Qg5+ f6 36. Qf4 Kf7 37. Qf3 Kg8 38. Bxc6 Rdc7 39. Rd1 Qe5 40. Bb7 Rc3 41. Qg2 Rc1 42. Qf3 R8c3 43. Rxc1 Rxc1+ 44. Kg2 a5 45. Qd3 Qc7 46. Be4 Rc3 47. Qb5 Kg7 48. Qh5 Kf8 49. Qh6+ Qg7 50. Qf4 e5 51. Qd2 Qxg4+ 52. Kf1 Qxe4 53. Qxc3 a4 54. Qc8+ Kg7 55. Qd7+ Kh6 56. Qf7 Qh1+ 57. Ke2 Qe4+ 58. Kf1 Qxh4 59. Qf8+ Kg5 60. Qg8+ Kf4 61. Qc4+ Kg5 62. Qg8+ Kf4 63. Qc4+ e4 64. Qc1+ Kg4 65. Qd1+ Kg5 66. Qxa4 Qh1+ 67. Ke2 Qf3+ 68. Ke1 Qc3+ 69. Kf1 Kf4 70. Qd7 Qd3+ 71. Qxd3 exd3 0-1

[Event "Bayern-chI Bank Hofmann 18th"]
[Site "Bad Wiessee"]
[Date "2014.10.31"]
[Round "8"]
[White "Berkovich, Mark A"]
[Black "Marentini, Marcel"]
[Result "1/2-1/2"]
[WhiteElo "2355"]
[BlackElo "2072"]
[PlyCount "63"]
[EventDate "2014.10.25"]
[EventType "swiss"]
[EventRounds "9"]
[EventCountry "GER"]
[SourceTitle "EXT 2015"]
[Source "ChessBase"]
[SourceDate "2014.11.20"]
[SourceVersion "1"]
[SourceVersionDate "2014.11.20"]
[SourceQuality "1"]

1. Nf3 e6 2. g3 b6 3. Bg2 Bb7 4. 0-0 Nf6 5. c4 Be7 6. d4 0-0 7. d5 exd5 8. Nh4 c6 9. cxd5 cxd5 10. Nf5 Na6 11. Nc3 Nc7 12. b3 Bc6 13. Bb2 Re8 14. Nxe7+ Qxe7 15. e3 Rac8 16. Rc1 Ne4 17. Ne2 Ne6 18. Nd4 Nxd4 19. Qxd4 f6 20. Rc2 Qe6 21. Rfc1 Qf5 22. f3 Nc5 23. Rd2 h5 24. b4 Ne6 25. Qd3 Qxd3 26. Rxd3 Nc7 27. Kf2 Bb5 28. Rd2 Bc4 29. e4 b5 30. exd5 Nxd5 31. a3 Nb6 32. Bd4 1/2-1/2

[Event "Verbandsliga Suedbaden 1415"]
[Site "Baden"]
[Date "2014.10.12"]
[Round "1.3"]
[White "Riehle, Marco"]
[Black "Marentini, Marcel"]
[Result "1-0"]
[WhiteElo "1950"]
[BlackElo "2072"]
[PlyCount "57"]
[EventDate "2014.10.12"]
[EventType "team-tourn"]
[EventRounds "9"]
[EventCountry "GER"]
[SourceTitle "EXT 2022"]
[Source "ChessBase"]
[SourceDate "2021.10.06"]
[SourceVersion "1"]
[SourceVersionDate "2021.10.06"]
[SourceQuality "1"]
[WhiteTeam "Sasbach"]
[BlackTeam "Konstanz"]
[WhiteTeamCountry "GER"]
[BlackTeamCountry "GER"]

1. e4 e6 2. d4 d5 3. exd5 exd5 4. Nf3 Bd6 5. c4 dxc4 6. Bxc4 Ne7 7. Ng5 0-0 8. Qh5 Bf5 9. Nxf7 Rxf7 10. Qxf7+ Kh8 11. Bh6 Qg8 12. Qxg8+ Nxg8 13. Be3 Nc6 14. Nc3 Nf6 15. 0-0 a6 16. Rad1 b5 17. Bd3 Bg4 18. f3 Bh5 19. Rfe1 Nb4 20. Bb1 Rb8 21. Bf2 Bf7 22. Bg3 Nh5 23. Bxd6 cxd6 24. Re7 Bc4 25. Rde1 Nf6 26. g4 Nc6 27. R7e3 g5 28. d5 Nd4 29. Rd1 1-0

[Event "Verbandsliga Sued Baden 1314"]
[Site "Germany"]
[Date "2014.04.13"]
[Round "9.5"]
[White "Lang, Alexander"]
[Black "Marentini, Marcel"]
[Result "0-1"]
[WhiteElo "2079"]
[BlackElo "2119"]
[PlyCount "100"]
[EventDate "2013.10.20"]
[EventType "team-tourn"]
[EventRounds "9"]
[EventCountry "GER"]
[SourceTitle "EXT 2015"]
[Source "ChessBase"]
[SourceDate "2014.11.20"]
[SourceVersion "1"]
[SourceVersionDate "2014.11.20"]
[SourceQuality "1"]
[WhiteTeam "Oberwinden"]
[BlackTeam "Konstanz"]
[WhiteTeamCountry "GER"]
[BlackTeamCountry "GER"]

1. d4 Nf6 2. Bf4 e6 3. e3 c5 4. c3 b6 5. Nd2 Bb7 6. Ngf3 Be7 7. h3 0-0 8. Bd3 cxd4 9. exd4 d6 10. 0-0 Nbd7 11. Re1 Re8 12. a4 a6 13. Ng5 Nf8 14. Ngf3 Bc6 15. Nf1 Qc7 16. Qe2 Qb7 17. N1d2 b5 18. axb5 axb5 19. Rxa8 Rxa8 20. Ne4 Nxe4 21. Bxe4 Bxe4 22. Qxe4 Qxe4 23. Rxe4 Nd7 24. Re1 Nb6 25. Rc1 h6 26. b3 g5 27. Bd2 f6 28. Kf1 Kf7 29. Ke2 d5 30. Ne1 Ra3 31. Rb1 e5 32. dxe5 fxe5 33. Be3 Nd7 34. Nc2 Ra2 35. Kd2 b4 36. cxb4 d4 37. Kd3 dxe3 38. Nxe3 Rxf2 39. Rf1 Rxf1 40. Nxf1 Bxb4 41. Ne3 Ke6 42. Ng4 h5 43. Nf2 Kd5 44. g4 h4 45. Nd1 e4+ 46. Ke2 Bc5 47. Nc3+ Ke5 48. Kf1 Nb6 49. Ne2 Nd5 50. Nc1 Nf4 0-1

[Event "Reykjavik op"]
[Site "Reykjavik"]
[Date "2014.03.09"]
[Round "7"]
[White "Marentini, Marcel"]
[Black "Pajeken, Jakob Leon"]
[Result "1-0"]
[WhiteElo "2155"]
[BlackElo "1703"]
[PlyCount "65"]
[EventDate "2014.03.04"]
[EventType "swiss"]
[EventRounds "10"]
[EventCountry "ISL"]
[SourceTitle "CBM 159 Extra"]
[Source "ChessBase"]
[SourceDate "2014.04.24"]
[SourceVersion "1"]
[SourceVersionDate "2014.04.24"]
[SourceQuality "1"]

1. c4 e5 2. g3 Nf6 3. Bg2 c6 4. d4 Bb4+ 5. Bd2 Bxd2+ 6. Qxd2 d6 7. Nc3 0-0 8. e3 Qc7 9. Nge2 Re8 10. 0-0 Nbd7 11. h3 Nf8 12. Rac1 Bd7 13. f4 exf4 14. exf4 Qa5 15. d5 cxd5 16. cxd5 Bb5 17. Rf2 Bxe2 18. Rxe2 N8d7 19. Kh2 Nc5 20. Rce1 Kf8 21. Qd4 Qb6 22. Qc4 Rxe2 23. Rxe2 Re8 24. Rxe8+ Kxe8 25. b4 Qa6 26. Nb5 Qa4 27. Nxd6+ Kd7 28. bxc5 Qxc4 29. Nxc4 Kc8 30. Nd6+ Kc7 31. Nxf7 b6 32. d6+ Kc8 33. c6 1-0